Exploring Scotland's historic landscapes /

Saved in:
Bibliographic Details
Main Author: Whyte, I. D. (Ian D.)
Other Authors: Whyte, K. A.
Format: Book
Language:English
Published: Edinburgh : Atlantic Highlands, NJ, USA : John Donald Publishers ; Humanities Press [distributor], c1987.
Subjects:
LEADER 01328nam a2200337 a 4500
001 c000012123
003 CARM
005 00000000000000.0
008 871229s1987 stka b 00110 eng
019 1 |a 5709735  |5 LACONCORD2021 
020 |a 0859761665 (pbk.) :  |c L.9.95 
035 |a (OCoLC)18682735  |5 LACONCORD2021 
043 |a e-uk-st 
050 0 0 |a DA867.5  |b .W47 1987 
082 0 0 |a 914.11/04858  |2 19 
100 1 |a Whyte, I. D.  |q (Ian D.) 
245 1 0 |a Exploring Scotland's historic landscapes /  |c Ian and Kathleen Whyte ; drawings by Molly Hutchings. 
260 |a Edinburgh :  |b John Donald Publishers ;  |a Atlantic Highlands, NJ, USA :  |b Humanities Press [distributor],  |c c1987. 
300 |a v, 314 p. :  |b ill. ;  |c 22 cm. 
500 |a Includes index. 
504 |a Bibliography: p. 306-307. 
650 0 |a Historic sites  |z Scotland  |x Guidebooks. 
650 0 |a Land settlement patterns  |z Scotland. 
650 0 |a Landscape  |z Scotland  |x History. 
651 0 |a Scotland  |x Historical geography. 
651 0 |a Scotland  |x History, Local. 
651 0 |a Scotland  |x Tours. 
700 1 |a Whyte, K. A. 
852 8 |b CARM  |h A2:AG26C0  |i B02996  |p 0092791  |f BK 
999 f f |i 99df2eeb-2048-5485-b9e0-4400d321b5f8  |s 8a221df4-27db-58b8-b9ee-5d8735816c77 
952 f f |p Can circulate  |a CAVAL  |b CAVAL  |c CAVAL  |d CARM 1 Store  |e B02996  |f A2:AG26C0  |h Other scheme  |i book  |m 0092791